Advanced Aerospace Materials

Na minha lista:
Detalhes bibliográficos
Formato: Livro
Idioma:inglês
Publicado em: Berlin : Springer Verlag, 1992
Assuntos:
Tags: Adicionar Tag
Sem tags, seja o primeiro a adicionar uma tag!

MARC

LEADER 00000nam a22000003a 4500
001 stu44562
005 20150408180429.7
008 950424s1992----gw------------------eng-d
020 |a 3-540-55888-8 
040 |a STU  |b slo 
041 0 |a eng 
044 |a gw 
080 |a 620.18  |7 stu_us_auth*stu8135 
080 |a 620.22 
245 |a Advanced Aerospace Materials 
260 |a Berlin :  |b Springer Verlag,  |c 1992 
300 |a 373 s 
650 7 |a materiály nové  |2 stusub 
650 7 |a materiály kovové  |2 stusub 
996 |b 284M025768  |c M*9075-1  |l MMKN  |s A  |a 24  |w stu44562_0001